| 000 | 00586nam a2200169 i 4500 | ||
|---|---|---|---|
| 001 | 86022 | ||
| 003 | ES-MaACL | ||
| 005 | 20250208063123.0 | ||
| 007 | t| | ||
| 008 | 041207s1962 sp ||||1| spa d | ||
| 100 | 0 |
_aKennedy, John F., _d1917-1963 _9239598 |
|
| 245 | 1 | 4 |
_aLas pruebas nucleares y el desarme / _cdiscurso pronunciado por el presidente de los Estados Unidos, John F. Kennedy. |
| 260 |
_aMadrid : _bCasa Americana, Embajada de los Estados Unidos, _c1962. |
||
| 300 |
_a23 p. ; _c17 cm. |
||
| 852 |
_aES-MaACL _j2033-F-7 _bR.53455 |
||
| 999 |
_c86022 _d86022 |
||